000 01208cam a22003252 4500
999 _c18230
_d18230
001 0000019779
003 OSt
005 20200220164227.0
008 110208s xx 000 0 eng d
020 _a81405747523 - :
040 _aKABU
_cKABU
050 _aKD288
_b.A64 2010 v. 1 c. 1
245 1 4 _aThe All England law reports annual review 2010-2019.
250 _a1st ed.
260 _aUK
_bLexisNexis,
_c2010-2019.
300 _av.
650 0 _aLaw reports, digests, etc.
_zGreat Britain.
908 _a110208
942 _2lcc
_cREF
_hKD288